000
00244 a2200109 4500
001
63389
082
_a
669 ALE
090
_c
37440
_d
37440
100
_a
Alexander, W
245
_a
Metals in the Service of Man
_h
English
260
_b
Penguin Books
942
_a
CAE NUST
_k
669 ALE
999
_c
298462
_d
298462